[Event "13th Salona"]
[Site "Solin CRO"]
[Date "2005.12.12"]
[Round "5"]
[White "Lugovoi,A"]
[Black "Dizdarevic,E"]
[Result "1/2-1/2"]
[WhiteElo "2547"]
[BlackElo "2509"]

1.d4 d5 2.c4 c6 3.Nf3 Nf6 4.Nc3 dxc4 5.a4 Bf5 6.e3 e6 7.Bxc4 Bb4 8.O-O O-O
9.Qe2 Nbd7 10.e4 Bg4 11.Rd1 Qa5 12.h3 Bh5 13.e5 Nd5 14.Ne4 Rae8 15.g4 Bg6
16.Ng3 N5b6 17.Bb3 c5 18.h4 c4 19.Bc2 Bxc2 20.Qxc2 f6 21.exf6 Nxf6 22.Ne5 Rc8
23.Qe2 Qd5 24.Bd2 c3 25.bxc3 Bxc3 26.Bxc3 Rxc3 27.a5 Nbd7 28.g5 Ne8 29.Ne4 Rc7
30.Nxd7 Rxd7 31.Nc5 Re7 32.Qe5 Qf3 33.Qg3 Qd5 34.Qe5 Qf3 35.Qg3  1/2-1/2

[Event "Sekkat mem"]
[Site "Casablanca MAR"]
[Date "2005.12.21"]
[Round "5"]
[White "Genov,Peta"]
[Black "Sarwat,W"]
[Result "1-0"]
[WhiteElo "2464"]
[BlackElo "2398"]

1.d4 d5 2.Nf3 Nf6 3.c4 c6 4.Nc3 dxc4 5.a4 Bf5 6.Ne5 Nbd7 7.Nxc4 Qc7 8.g3 e5
9.dxe5 Nxe5 10.Bf4 Nfd7 11.Bg2 g5 12.Bxe5 Nxe5 13.Qd4 f6 14.h4 Be7 15.hxg5 Nxc4
16.gxf6 Na3 17.bxa3 Bd6 18.Rh5 Bg6 19.Ne4 O-O 20.Rg5 Rad8 21.Qc4+ Kh8 22.Rd1 b5
23.Qc2 Qa5+ 24.Kf1 Bxa3 25.Rxd8 Rxd8 26.Bf3 Qxa4 27.Qxc6 Be8 28.Qc3 Qd1+
29.Kg2 Qc1 30.f7+  1-0

[Event "14th TCh-Asia"]
[Site "Esfahan IRI"]
[Date "2005.12.26"]
[Round "9"]
[White "Nguyen Ngoc Truongson"]
[Black "Sundararajan,K"]
[Result "1/2-1/2"]
[WhiteElo "2542"]
[BlackElo "2497"]

1.d4 d5 2.c4 c6 3.Nf3 Nf6 4.Nc3 dxc4 5.a4 Bf5 6.Ne5 Nbd7 7.Nxc4 Qc7 8.Bg5 e5
9.e3 Nd5 10.Bd3 Bxd3 11.Qxd3 Bb4 12.O-O O-O 13.Nxd5 cxd5 14.Nxe5 Nxe5 15.dxe5 Qxe5
16.Bf4 Qxb2 17.Qxd5 b6 18.Be5 Qd2 19.Bd4 Rfd8 20.Qb5 Bf8 21.g3 Qb4 22.Rfc1 Qe7
23.a5 bxa5 24.Rxa5 Rdc8 25.Rca1 Rc7 26.Qd5 Rd8 27.Qe5 Qxe5 28.Bxe5 Rc5 29.Bd4 Rxa5
30.Rxa5 Ra8 31.Ra6 g6 32.e4 Bg7 33.Be3 Re8 34.Rxa7 h5  1/2-1/2

[Event "21st Winter Open"]
[Site "Nice FRA"]
[Date "2005.12.27"]
[Round "2"]
[White "Wauters,A"]
[Black "Sanchez,Joseph"]
[Result "0-1"]
[WhiteElo "2195"]
[BlackElo "2435"]

1.d4 d5 2.c4 c6 3.Nc3 Nf6 4.Nf3 dxc4 5.a4 Bf5 6.e3 Nbd7 7.Bxc4 e6 8.O-O Bb4
9.Qe2 Bg6 10.h3 O-O 11.Rd1 Qa5 12.Bd2 Rac8 13.e4 h6 14.Na2 Bxd2 15.Nxd2 Qb6
16.e5 Nd5 17.Nb3 Ne7 18.a5 Qd8 19.Nc3 Nf5 20.Ne4 Qe7 21.Nbc5 Nxd4 22.Rxd4 Nxc5
23.Nd6 Rc7 24.Rad1 b5 25.axb6 axb6 26.b4 Na4 27.Ra1 Ra7 28.Qe3 c5 29.bxc5 Nxc5
30.Rad1 Rfa8 31.Bb5 Ra3 32.Qe1 Bc2 33.Bc6 Rb8 34.Qb4 Rb3 35.Qd2 Bxd1 36.Qxd1 Qg5
37.f4 Qh4 38.Bf3 Re3 39.Kh2 Re1 40.Qd2  0-1

[Event "Harmonie Open A"]
[Site "Groningen NED"]
[Date "2005.12.28"]
[Round "5"]
[White "Hovenga,A"]
[Black "Skatchkov,P"]
[Result "0-1"]
[WhiteElo "2114"]
[BlackElo "2453"]

1.d4 d5 2.c4 c6 3.Nf3 Nf6 4.Nc3 dxc4 5.a4 Bf5 6.Ne5 Nbd7 7.Nxc4 Qc7 8.g3 e5
9.dxe5 Nxe5 10.Bf4 Nfd7 11.Bg2 f6 12.O-O Nc5 13.Ne3 Be6 14.b4 Rd8 15.Qc2 Na6
16.b5 Nb4 17.Qb2 Be7 18.bxc6 bxc6 19.Rfc1 O-O 20.Nc2 Qa5 21.Nxb4 Bxb4 22.Na2 Be7
23.Nc3 Bc5 24.Qc2 Bb6 25.Rd1 Bd4 26.Rdc1 Bxc3 27.Qxc3 Rd1+ 28.Bf1 Qxc3  0-1

[Event "8th Open ch-Bajmok"]
[Site "Bajmok SCG"]
[Date "2006.01.03"]
[Round "6"]
[White "Petrekanovic,M"]
[Black "Kovac,Z"]
[Result "1-0"]
[WhiteElo "2087"]
[BlackElo "2059"]

1.d4 Nf6 2.Nf3 d5 3.c4 c6 4.Nc3 dxc4 5.a4 Bf5 6.e3 e6 7.Bxc4 Nbd7 8.Qe2 Bb4
9.O-O O-O 10.e4 Bg4 11.Rd1 Qc7 12.h3 Bxf3 13.Qxf3 e5 14.d5 h6 15.g4 Nb6 16.Bb3 cxd5
17.exd5 e4 18.Qg3 Rfd8 19.g5 Bxc3 20.bxc3 hxg5 21.d6 Qd7 22.Bxg5 Qf5 23.Rd4 Rac8
24.Rad1 Rc5 25.Bh6 Nh5 26.Qh4 Rd7 27.Bd2 Re5 28.Qg4 Nf6 29.Qxf5 Rxf5 30.c4 Nc8
31.Be3 b6 32.Bc2 Kf8 33.Kg2 Re5 34.Bf4 Re6 35.Bb3 Re8 36.a5 Red8 37.Ba4  1-0

[Event "12th Open A"]
[Site "Bosnjaci CRO"]
[Date "2006.01.03"]
[Round "1"]
[White "Rukavina,Dar"]
[Black "Glavas,D"]
[Result "0-1"]
[WhiteElo "2225"]
[BlackElo "2333"]

1.d4 d5 2.c4 c6 3.Nf3 Nf6 4.Nc3 dxc4 5.a4 Bf5 6.Ne5 Nbd7 7.Nxc4 Nb6 8.Ne5 a5
9.f3 e6 10.e4 Bg6 11.Be2 Nfd7 12.Be3 Nxe5 13.dxe5 Nd7 14.O-O Bc5 15.Bxc5 Nxc5
16.Qe1 Qd4+ 17.Qf2 Rd8 18.Rad1 Qxf2+ 19.Kxf2 Ke7 20.Ke3 f6 21.exf6+ gxf6
22.f4 e5 23.g3 Bf7 24.fxe5 fxe5 25.Rf5 Rxd1 26.Bxd1 Nd7 27.Rf2 Be6 28.Nb1 Nc5
29.Nd2 Rd8 30.Bc2 Rd4 31.Nf3 Rb4 32.Nxe5 Rxb2 33.Nd3 Nxd3 34.Kxd3 Bb3 35.Kc3 Rxc2+
36.Rxc2 Bxc2 37.Kxc2 Ke6 38.g4 Ke5 39.Kd3 b5 40.h4 bxa4 41.g5 a3 42.Kc2 Kxe4
43.h5 Kf5 44.g6 hxg6 45.hxg6 Kxg6 46.Kb3 Kf5 47.Kxa3 Ke4 48.Ka4 Kd3 49.Kxa5 c5  0-1

[Event "10th Open"]
[Site "Bad Zwesten GER"]
[Date "2006.01.05"]
[Round "5"]
[White "Graf,A"]
[Black "Sobolevsky,L"]
[Result "1-0"]
[WhiteElo "2613"]
[BlackElo "2360"]

1.d4 d5 2.c4 c6 3.Nf3 Nf6 4.Nc3 dxc4 5.a4 Bf5 6.Ne5 Nbd7 7.Nxc4 Nd5 8.f3 e5
9.e4 Nxc3 10.bxc3 Be6 11.Ne3 f6 12.Bc4 Bxc4 13.Nxc4 Nb6 14.Ne3 exd4 15.cxd4 Bb4+
16.Ke2 a5 17.Ba3 Bc3 18.Qb3 Bb4 19.Bxb4 axb4 20.Qxb4 Nd7 21.Nf5 c5 22.Nd6+ Kf8
23.dxc5 Ne5  1-0

[Event "10th Open"]
[Site "Bad Zwesten GER"]
[Date "2006.01.07"]
[Round "8"]
[White "Schuurman,P"]
[Black "Siebrecht,S"]
[Result "1/2-1/2"]
[WhiteElo "2279"]
[BlackElo "2485"]

1.d4 d5 2.c4 c6 3.Nc3 Nf6 4.Nf3 dxc4 5.a4 Bf5 6.e3 e6 7.Bxc4 Bb4 8.O-O Nbd7
9.Qe2 Bg6 10.e4 Bxc3 11.bxc3 Nxe4 12.Ba3 Qc7 13.Qe3 Nb6 14.Ne5 Nd5 15.Qh3 O-O-O
16.Rfc1 Bf5 17.g4 Bg6 18.Bxd5 exd5 19.f3 Ng5 20.Qg3 f6 21.Nxg6 hxg6 22.Qxc7+ Kxc7
23.Kg2 Nh3 24.Re1 Nf4+ 25.Kg1 Rde8 26.Kf1 g5 27.a5 b6 28.axb6+ axb6 29.Bb4 Kb7
30.Bd6 Rxe1+ 31.Rxe1 Rxh2 32.Re7+ Ka6 33.Rxg7 Rh6 34.Rf7 Kb5 35.Be7 Rh3 36.Kf2 Rh2+
37.Kg1 Rc2 38.Rxf6 Rxc3 39.Kf2 Rc2+ 40.Kf1 c5 41.Rh6 Nd3 42.Bxg5 Rf2+ 43.Kg1 Rxf3
44.Bd8 Kc4 45.dxc5 bxc5 46.g5 d4 47.Re6 Nf4 48.Rf6 d3 49.Ba5 Nh3+ 50.Kg2 Rxf6
51.gxf6 Ng5 52.Bd2 Nf7 53.Kf3 Kd4 54.Be3+ Kc3 55.Ke4 c4 56.Kd5 Kb3 57.Kd4 Nd8
58.Bh6 Nc6+ 59.Kd5 Nd8 60.Kd4 Nc6+ 61.Kd5 Nb4+ 62.Ke4 c3 63.f7 d2 64.Bxd2 cxd2
65.f8=Q d1=Q 66.Qf3+ Qd3+ 67.Qxd3+  1/2-1/2

[Event "TCh-BEL 2005-6"]
[Site "Belgium BEL"]
[Date "2006.01.08"]
[Round "6"]
[White "De Haan,E"]
[Black "Penson,T"]
[Result "0-1"]
[WhiteElo "2294"]
[BlackElo "2250"]

1.d4 Nf6 2.c4 c6 3.Nc3 d5 4.Nf3 dxc4 5.a4 Bf5 6.e3 Nbd7 7.Bxc4 e6 8.O-O Bg6
9.Qe2 Bb4 10.e4 Bxc3 11.bxc3 Nxe4 12.Ba3 Qc7 13.Nd2 Nxd2 14.Qxd2 Nb6 15.Bb3 O-O-O
16.c4 Kb8 17.a5 Nc8 18.Qb2 Ka8 19.Rfe1 Rhe8 20.Bc5 Rd7 21.Bd1 f6 22.Bg4 Bf7
23.Re3 h5 24.Bh3 g5 25.g3 g4 26.Bg2 e5 27.Qc3 Nd6 28.Bb6 Qc8 29.dxe5 Nxc4
30.e6 Rxe6 31.Re4 Ne5 32.Rf4 Qe8 33.Be3 Qd8 34.h4 Rd5 35.a6 b6 36.Re4 Qd6
37.Bf4 Kb8 38.Rc1 c5 39.Ree1 Rd4 40.Qa3 Kc7 41.Kh2 Be8 42.Qb2 Bc6 43.Bxc6 Kxc6
44.Re3 Qd5 45.Bxe5 Rxe5 46.Rec3 c4 47.Qb4 b5 48.Qf8 Qc5 49.Qxf6+ Kc7 50.R3c2 Rf5
51.Qe6 Rd6 52.Qe1 Rxa6 53.Re2 Rf7 54.Rcc2 Raf6 55.Kg1 Rf5 56.Re6 b4 57.Rce2 Rd5
58.Re7+ Rxe7 59.Rxe7+ Kb6 60.Re6+ Kb5 61.Qa1 a5 62.Qe1 b3 63.Re8  0-1

[Event "2nd Bundesliga Ost 2005-6"]
[Site "Austria AUT"]
[Date "2006.01.14"]
[Round "5"]
[White "Miniboeck,G"]
[Black "Wallner,J"]
[Result "1-0"]
[WhiteElo "2351"]
[BlackElo "2323"]

1.d4 d5 2.c4 c6 3.Nf3 Nf6 4.Nc3 dxc4 5.a4 Bf5 6.e3 e6 7.Bxc4 Bb4 8.O-O O-O
9.Nh4 Bg4 10.f3 Bh5 11.g4 Bg6 12.e4 c5 13.Na2 Qa5 14.Nxb4 Qxb4 15.b3 Qc3
16.Ba3 Nbd7 17.dxc5 Rfd8 18.Qe1 Qe5 19.Qg3 Qxg3+ 20.hxg3 Rac8 21.Rfd1 Ne5
22.Be2 Nc6 23.Rxd8+ Rxd8 24.Rd1 Rxd1+ 25.Bxd1 a5 26.Kf2 Nd7 27.Ke3 f6 28.Nxg6 hxg6
29.Be2 Kf8 30.f4 Ke7 31.Kd3 Kd8 32.Kc4 e5 33.Bb2 Nf8 34.Kd5 Kd7 35.fxe5 Nxe5
36.Bxe5 fxe5 37.Bb5+  1-0

[Event "13th I.Stepichev Mem"]
[Site "Kyiv UKR"]
[Date "2006.01.15"]
[Round "9"]
[White "Golichenko,I"]
[Black "Perun,S"]
[Result "1-0"]
[WhiteElo "2277"]
[BlackElo "2355"]

1.d4 d5 2.c4 c6 3.Nf3 Nf6 4.Nc3 dxc4 5.a4 Bf5 6.Ne5 e6 7.g3 Bb4 8.Bg2 Ne4
9.Bxe4 Bxe4 10.O-O Bg6 11.Nxc4 a5 12.Na2 Na6 13.Nxb4 Nxb4 14.Bf4 O-O 15.Bd6 Re8
16.Bxb4 axb4 17.a5 b3 18.Qxb3 Qxd4 19.Rfd1 Qc5 20.Rac1 Qb5 21.Qxb5 cxb5 22.Nd6 Reb8
23.b4 b6 24.axb6 Rxb6 25.Nc8  1-0

[Event "4th Parsvnath Open"]
[Site "New Delhi IND"]
[Date "2006.01.19"]
[Round "7"]
[White "Roktim,B"]
[Black "Swathi,G"]
[Result "1/2-1/2"]
[WhiteElo "2383"]
[BlackElo "2244"]

1.d4 d5 2.c4 c6 3.Nc3 Nf6 4.Nf3 dxc4 5.a4 Bf5 6.e3 e6 7.Bxc4 Bb4 8.O-O O-O
9.Qe2 Nbd7 10.e4 Bg6 11.Bd3 h6 12.h3 Rc8 13.Rd1 Qa5 14.e5 Nd5 15.Nh4 Bxc3
16.Bxg6 fxg6 17.Nxg6 Rf7 18.bxc3 Qxc3 19.Ra3 Qa5 20.Qg4 Re8 21.Rg3 Qxa4 22.Bxh6 gxh6
23.Rdd3 Rg7 24.Qh5 Qa1+ 25.Rd1 Qa4 26.Rdd3 Qa1+ 27.Kh2 Qc1 28.f4 Ne7 29.Nh4 Rf8
30.Rxg7+ Kxg7 31.Rg3+ Kh7 32.Ng6 Rg8 33.Nxe7 Rxg3 34.Kxg3 Qe3+ 35.Kh2 Qxf4+
36.Kh1 Nf8 37.Qe8 a5 38.Nc8 a4 39.Nd6 Qc1+ 40.Kh2 Qf4+ 41.Kh1 Qf1+ 42.Kh2 Qf4+
43.Kh1  1/2-1/2

[Event "Classic"]
[Site "Queenstown NZL"]
[Date "2006.01.19"]
[Round "5"]
[White "Rogers,I"]
[Black "Susilodinata,A"]
[Result "1-0"]
[WhiteElo "2556"]
[BlackElo "2254"]

1.d4 d5 2.c4 c6 3.Nf3 Nf6 4.Nc3 dxc4 5.a4 Bf5 6.Ne5 Nbd7 7.Nxc4 Nb6 8.Ne5 a5
9.f3 Nfd7 10.Nxd7 Nxd7 11.e4 Bg6 12.Be3 Qb6 13.Qd2 e5 14.dxe5 Bc5 15.Bxc5 Nxc5
16.Qd6 Qxb2 17.Nd5 Qxa1+ 18.Kf2 Qb2+ 19.Kg3 cxd5 20.Bb5+ Qxb5 21.axb5 Ne6
22.exd5 Rd8 23.Qb6 Rxd5 24.Qxb7 Rd7 25.Qc8+ Ke7 26.Qxh8 Rd8 27.Qxd8+ Nxd8
28.Ra1 Bf5 29.Rxa5 Bc8 30.Kf2 Kd7 31.Ke3 Kc7 32.Kd4 Kb6 33.Ra8 Kb7 34.Ra1 Kb6
35.Kc4 Be6+ 36.Kb4 Nb7 37.Ra6+ Kc7 38.Rc6+ Kd7 39.Rc3 Bd5 40.g3 g6 41.f4 h5
42.b6 Bc6 43.Rc1 Bf3 44.Rc7+ Ke6 45.Rc3 Be4 46.Kb5 Nd8 47.Ka6 Bg2 48.Ka7 Nc6+
49.Kb7 Nxe5+ 50.Kc7 Ng4 51.h3 Nf6 52.Re3+ Kd5 53.b7 Kd4 54.b8=Q Nd5+ 55.Kd8 Nxe3
56.Qa7+ Kd3 57.Qxf7 Be4 58.g4 hxg4 59.hxg4 Ke2 60.f5 gxf5 61.g5 Kf3 62.g6 Bd5
63.Qh7 f4 64.g7 Kf2 65.Qh4+ Kf3 66.Kd7 Bg8 67.Kc6 Ng2 68.Qd8 Bf7 69.Qd7 Bg8
70.Qc8 Bf7 71.Qb7 Bg8 72.Qa8 Bf7 73.Kd6+ Kg3 74.Ke7 Bc4 75.Qe4 Ba2 76.Qc2 Bg8
77.Kf8  1-0

[Event "Classic"]
[Site "Queenstown NZL"]
[Date "2006.01.20"]
[Round "6"]
[White "Karolyi,T jr"]
[Black "Spain,G"]
[Result "1/2-1/2"]
[WhiteElo "2364"]
[BlackElo "2193"]

1.d4 d5 2.c4 c6 3.Nf3 Nf6 4.Nc3 dxc4 5.a4 Bf5 6.e3 e6 7.Bxc4 Bb4 8.O-O O-O
9.Nh4 Nbd7 10.h3 Bg6 11.Nxg6 hxg6 12.Qf3 Rc8 13.Rd1 Qe7 14.Bf1 e5 15.Bd2  1/2-1/2

[Event "Winter Open"]
[Site "Belgrade SCG"]
[Date "2006.01.22"]
[Round "2"]
[White "Brujic,B"]
[Black "Rajcevic,S"]
[Result "1-0"]
[WhiteElo "2253"]
[BlackElo "2146"]

1.d4 d5 2.c4 c6 3.Nf3 Nf6 4.Nc3 dxc4 5.a4 Bf5 6.Ne5 Nbd7 7.Nxc4 Qc7 8.f3 e5
9.dxe5 Nxe5 10.e4 Rd8 11.Qc2 Bg6 12.Be2 Nxc4 13.Bxc4 Bd6 14.g3 Nd7 15.O-O f6
16.Be3 Nb6 17.Bb3 Bf7 18.Bxf7+ Qxf7 19.a5 Nc8 20.a6 b6 21.Qa4 b5 22.Qc2 O-O
23.Ne2 Qc4 24.Qxc4+ bxc4 25.Rfc1 Nb6 26.Kf2 c5 27.Ra5 Rc8 28.Rd1 Rc6 29.Nc3 Rfc8
30.Nb5 Bb8 31.Bf4 Bxf4 32.Nxa7 Be5 33.Nxc6 Rxc6 34.Rd8+ Kf7 35.a7 Rd6 36.Rxd6 Bxd6
37.Ra6 c3 38.bxc3  1-0

[Event "TCh-HUN 2005-6"]
[Site "Hungary HUN"]
[Date "2006.01.22"]
[Round "6"]
[White "Korpics,Z"]
[Black "Pataki,G"]
[Result "1/2-1/2"]
[WhiteElo "2336"]
[BlackElo "2375"]

1.d4 d5 2.c4 c6 3.Nf3 Nf6 4.Nc3 dxc4 5.a4 Bf5 6.Ne5 Nbd7 7.Nxc4 Qc7 8.g3 e5
9.dxe5 Nxe5 10.Bf4 Nfd7 11.Qc1  1/2-1/2

[Event "TCh-HUN 2005-6"]
[Site "Hungary HUN"]
[Date "2006.01.22"]
[Round "6"]
[White "Krizsany,L jr"]
[Black "Valko,K"]
[Result "1-0"]
[WhiteElo "2451"]
[BlackElo "2251"]

1.d4 d5 2.c4 c6 3.Nf3 Nf6 4.Nc3 dxc4 5.a4 Bf5 6.e3 e6 7.Bxc4 Bb4 8.O-O O-O
9.Nh4 Nbd7 10.Nxf5 exf5 11.Qc2 Nb6 12.Be2 Qd7 13.a5 Nbd5 14.a6 bxa6 15.Rxa6 Bd6
16.Qa4 Nb4 17.Ra5 Qc7 18.Rxf5 Bxh2+ 19.Kh1 Nbd5 20.Qc2 Rae8 21.Rf3 Bd6 22.Rh3 Nxc3
23.Qxc3 Ne4 24.Qc4 Qd7 25.Bd3 Re6 26.b3 Kh8 27.d5 cxd5 28.Qxd5 f5 29.Bb2 Qe7
30.g3 Be5 31.Ba3 Bd6 32.Bb2 Be5 33.Bxe4 fxe4 34.Qxe4 h6 35.Bxe5 Rxe5 36.Qd4 Qe6
37.Kg2 Kg8 38.Rh4 Rb8 39.b4 Reb5 40.Rc1 a5 41.bxa5 Rxa5 42.Rc7 Rg5 43.Re4 Qf5
44.Ree7 Qg4 45.Qxg4 Rxg4 46.Re6 Kh7 47.f4 Rg6 48.Rxg6 Kxg6 49.e4 Rb3 50.Kh3 Rb1
51.Rc6+ Kf7 52.Kg4 g6 53.e5 Rb3 54.Rc7+ Kg8 55.Rd7 Re3 56.Kh3 Re2 57.Rb7 Rf2
58.Rb4 Kf7 59.Rd4 Re2 60.Rd7+ Kg8 61.Re7 Rf2 62.e6 Re2 63.g4 Re3+ 64.Kg2 g5
65.f5 Ra3 66.Rc7 Re3 67.Kf2 Re5 68.Rf7 Re4 69.Kf3 Re1 70.Re7 Rg1 71.Ke4 Re1+
72.Kd5 Rd1+ 73.Ke5  1-0

[Event "GM"]
[Site "Marianske Lazne CZE"]
[Date "2006.01.23"]
[Round "3"]
[White "Malaniuk,V"]
[Black "Neelotpal,D"]
[Result "1/2-1/2"]
[WhiteElo "2532"]
[BlackElo "2512"]

1.d4 Nf6 2.Nf3 d5 3.c4 c6 4.Nc3 dxc4 5.a4 Bf5 6.Ne5 Nbd7 7.Nxc4 Qc7 8.g3 e5
9.dxe5 Nxe5 10.Bf4 Nfd7 11.Qc1 Be6 12.Nxe5 Nxe5 13.Bg2 Be7 14.O-O O-O 15.a5 a6
16.Ne4 f6 17.Nc5 Bf7 18.Qc3 Rfd8 19.Rfd1 Bd6 20.Ne4 Bf8 21.Ng5 fxg5 22.Bxe5 Qe7
23.h3 Rxd1+ 24.Rxd1 Re8 25.f4 gxf4 26.gxf4 Rd8 27.Rxd8 Qxd8 28.Bd4  1/2-1/2

[Event "Winter Open"]
[Site "Belgrade SCG"]
[Date "2006.01.24"]
[Round "4"]
[White "Stamenkovic,A"]
[Black "Arandjelovic,D"]
[Result "1-0"]
[WhiteElo "2234"]
[BlackElo "2106"]

1.d4 d5 2.c4 c6 3.Nf3 Nf6 4.Nc3 dxc4 5.a4 Bf5 6.e3 e6 7.Bxc4 Bb4 8.O-O O-O
9.Nh4 Nbd7 10.Nxf5 exf5 11.f3 c5 12.Na2 Qa5 13.Nxb4 Qxb4 14.b3 Rfe8 15.d5 Qb6
16.Qc2 g6 17.Re1 Qd6 18.Bb2 a6 19.a5 Re7 20.Rad1 Rae8 21.Qc3 Re5 22.Qd2 R5e7
23.Qf2 Ne5 24.Bc3 h6 25.h3 Kh7 26.Re2 Nfd7 27.Rde1 Nxc4 28.bxc4 Ne5 29.Bxe5 Rxe5
30.Rb1 R5e7 31.Rb6 Qe5 32.Qe1 f4 33.e4 Qd4+ 34.Qf2 Qa1+ 35.Re1 Qxa5 36.Reb1 Qa3
37.R6b3 Qa5 38.Qb2 b5 39.cxb5 c4 40.Ra3 Qb6+ 41.Qf2 Qxf2+ 42.Kxf2 axb5 43.Rxb5 Rc8
44.Rc3 Ra7 45.Rc2 Kg7 46.Rb6 Kf8 47.g3 fxg3+ 48.Kxg3 Ra3 49.Rc6 Rxc6 50.dxc6 Ra7
51.Rxc4 Rc7 52.Kf4 f6 53.e5 Ke7 54.Ke4 f5+ 55.Kd5 Rc8 56.c7 Kd7 57.e6+ Ke7
58.Ke5 h5 59.f4 h4 60.Rc2 g5 61.fxg5 f4 62.Rc3 f3 63.Rxf3  1-0

[Event "II Open del Mercantil"]
[Site "Sevilla ESP"]
[Date "2006.01.25"]
[Round "6"]
[White "Komljenovic,D"]
[Black "Kononenko,T"]
[Result "1-0"]
[WhiteElo "2458"]
[BlackElo "2417"]

1.d4 d5 2.c4 c6 3.Nf3 Nf6 4.Nc3 dxc4 5.a4 Bf5 6.e3 e6 7.Bxc4 Bb4 8.O-O O-O
9.Nh4 Bg4 10.f3 Bh5 11.g4 Nd5 12.Ng2 Bg6 13.Na2 Bd6 14.e4 Nb6 15.Bb3 c5 16.a5 N6d7
17.d5 e5 18.Bd2 Na6 19.Qe2 Nc7 20.Ba4 Qe7 21.Ne3 Rfd8 22.Nc4 f6 23.Rfc1 Be8
24.Qf1 Rab8 25.Nc3 Nf8 26.Nxd6 Qxd6 27.Bxe8 Rxe8 28.b4 b6 29.Nb5 Nxb5 30.Qxb5 Rec8
31.axb6 axb6 32.Ra7 cxb4 33.Rxc8 Rxc8 34.Bxb4 Rc1+ 35.Kg2 Rc2+ 36.Kg3 Qb8  1-0

[Event "Winter Open"]
[Site "Belgrade SCG"]
[Date "2006.01.26"]
[Round "6"]
[White "Milosevic,Z"]
[Black "Damjanovic,D"]
[Result "1/2-1/2"]
[WhiteElo "2228"]
[BlackElo "2290"]

1.d4 d5 2.Nf3 Nf6 3.c4 c6 4.Nc3 dxc4 5.a4 Bf5 6.Ne5 Nbd7 7.Nxc4 Nb6 8.e3 e6
9.a5 Nxc4 10.Bxc4 Be7 11.O-O O-O 12.Qb3 Qc7 13.Re1 b5 14.axb6 axb6 15.Rxa8 Rxa8
16.e4 Bg6 17.f3 b5 18.Bf1 b4 19.Ne2 c5 20.Bf4 Qb6 21.Be3 Nd7 22.Rc1 cxd4
23.Bxd4 Qa5 24.Qc4 Nf8 25.Qc7 Qxc7 26.Rxc7 Bd6 27.Rc6 Be7 28.Kf2 f6 29.Rc7 Bd6
30.Rc6 Be7 31.Rc7 Bd6  1/2-1/2

[Event "Gibtelecom Masters"]
[Site "Gibraltar ENG"]
[Date "2006.01.26"]
[Round "3"]
[White "Pelletier,Y"]
[Black "Zhukova,N"]
[Result "1-0"]
[WhiteElo "2579"]
[BlackElo "2432"]

1.d4 d5 2.c4 c6 3.Nf3 Nf6 4.Nc3 dxc4 5.a4 Bf5 6.e3 e6 7.Bxc4 Bb4 8.O-O Nbd7
9.Qe2 Bg4 10.h3 Bxf3 11.Qxf3 O-O 12.Rd1 Rc8 13.Qe2 Qa5 14.Na2 Bd6 15.e4 e5
16.f4 exd4 17.e5 Bc5 18.Qd3 Nd5 19.Bd2 Qd8 20.b4 Be7 21.a5 b6 22.b5 Nc5 23.Qf3 Nc7
24.bxc6 b5 25.Be2 f6 26.exf6 Rxf6 27.Rac1 Qf8 28.Nb4 Rd8 29.Re1 a6 30.Bd1 Kh8
31.Nd3 Nxd3 32.Qxd3 Ba3 33.Rc2 Bd6 34.g3 b4 35.Rc4 Nb5 36.Kg2 Qf7 37.h4 Qc7
38.Kh2 Qxa5 39.Bc2 g6 40.c7 Bxc7 41.Bxb4 Qb6 42.Be7 Re6 43.Rxe6 Qxe6 44.Rxc7 Re8
45.Bb3 Qb6 46.Rb7  1-0

[Event "Gibtelecom Masters"]
[Site "Gibraltar ENG"]
[Date "2006.01.26"]
[Round "3"]
[White "Cramling,P"]
[Black "Al Modiahki,M"]
[Result "1/2-1/2"]
[WhiteElo "2515"]
[BlackElo "2579"]

1.d4 d5 2.Nf3 Nf6 3.c4 c6 4.Nc3 dxc4 5.a4 Bf5 6.Nh4 Bd7 7.e3 e6 8.Bxc4 c5
9.O-O Nc6 10.Nf3 Be7 11.dxc5 Bxc5 12.Qe2 O-O 13.e4 Ng4 14.e5 Qc7 15.Nb5 Qb8
16.Bf4 Ne7 17.Ng5 h5 18.h3 Ng6 19.Bg3 h4 20.Bxh4 N4xe5 21.Bg3 Be7 22.h4 a6
23.Nc3 Qc7 24.Ba2 Qa5 25.Rad1 Bxg5 26.hxg5 Bxa4 27.Nxa4 Qxa4 28.Bb1 Qb5 29.Qxb5 axb5
30.Rfe1 Rfd8 31.Rxd8+ Rxd8 32.Bxe5 Nxe5 33.Rxe5 Rd1+ 34.Kh2 Rxb1 35.Rxb5 Kh7
36.Rxb7 Kg6 37.f4 f6 38.gxf6 gxf6 39.Kg3 Kf5 40.Rb5+ e5 41.fxe5 fxe5 42.Kf3 Rf1+
43.Ke3 Re1+ 44.Kf2 Rc1 45.Rb4 Rc2+ 46.Kf3 e4+ 47.Ke3 Rxg2 48.Rb5+ Ke6 49.Kxe4 Kd6
50.Kd3 Kc6 51.Rb8 Kc7 52.Rb4 Kc6 53.Kc4 Rh2 54.Kb3 Rh1 55.Rb8 Kc7 56.Rb5 Rh4
57.Rb4 Rh8 58.Ka4 Ra8+ 59.Kb5 Rg8 60.Rc4+ Kb7 61.Rc5 Rg6 62.Rf5 Rb6+  1/2-1/2

[Event "Gibtelecom Masters"]
[Site "Gibraltar ENG"]
[Date "2006.01.26"]
[Round "3"]
[White "Gyimesi,Z"]
[Black "Al Sayed,Mohamad"]
[Result "1/2-1/2"]
[WhiteElo "2602"]
[BlackElo "2470"]

1.d4 d5 2.c4 c6 3.Nf3 Nf6 4.Nc3 dxc4 5.a4 Bf5 6.Ne5 Nbd7 7.Nxc4 Qc7 8.g3 e5
9.dxe5 Nxe5 10.Bf4 Nfd7 11.Qc1 g6 12.Bg2 Bg7 13.O-O O-O 14.a5 b6 15.Rd1 Rfd8
16.Ne4 Bxe4 17.Bxe4 Nf8 18.Rxd8 Rxd8 19.Qc3 Re8 20.Ra2 Nxc4 21.Qxc4 Qe7 22.Bf3 Nd7
23.Qd3  1/2-1/2

[Event "Gibtelecom Masters"]
[Site "Gibraltar ENG"]
[Date "2006.01.27"]
[Round "4"]
[White "Cmilyte,V"]
[Black "Fellousi,A"]
[Result "1/2-1/2"]
[WhiteElo "2475"]
[BlackElo "2132"]

1.d4 d5 2.c4 c6 3.Nc3 Nf6 4.Nf3 dxc4 5.a4 Bf5 6.Ne5 Nbd7 7.Nxc4 Nb6 8.Ne5 a5
9.g3 e6 10.Bg2 Bb4 11.O-O O-O 12.e3 h6 13.Qe2 Qe7 14.e4 Bh7 15.Nd3 Rfd8 16.e5 Nfd5
17.Ne4 Nd7 18.Nxb4 Qxb4 19.Rd1 Ne7 20.Be3 Bxe4 21.Bxe4 Nxe5 22.Bxh6 Rxd4
23.Rxd4 Qxd4 24.Bg5 f6 25.Bf4 Rd8 26.Bc2 Qd5 27.Be4 Qd4 28.Re1 Kf8 29.b3 Qc3
30.Rd1 Rxd1+ 31.Qxd1 Nd5 32.Bd2 Qd4 33.Qe1 f5 34.Bg2 b6 35.h3 Kf7 36.Qe2 g6
37.Kh2 Nd3 38.Be3 Nxe3 39.fxe3 Qc3 40.e4 Qxb3 41.exf5 exf5 42.Qe3 Nc5 43.Qe5 Qxa4
44.Qc7+ Kf6 45.Qd8+ Ke5 46.Qxb6 Ne4 47.Qc7+ Kd4 48.Qg7+ Ke3 49.Qxg6 Qb5 50.Qg7 a4
51.h4 c5 52.Qe5 Qc4 53.Qxf5 Qd3 54.h5 a3 55.Bxe4 Qxe4 56.Qxc5+ Kd2 57.Qa5+ Kc2
58.Qxa3 Qe2+ 59.Kg1 Qe1+  1/2-1/2

[Event "Gibtelecom Masters"]
[Site "Gibraltar ENG"]
[Date "2006.01.27"]
[Round "4"]
[White "Aaberg,A"]
[Black "Nimmy,A"]
[Result "1-0"]
[WhiteElo "2383"]
[BlackElo "2123"]

1.d4 d5 2.c4 c6 3.Nf3 Nf6 4.Nc3 dxc4 5.a4 Bf5 6.e3 e6 7.Bxc4 Bb4 8.O-O O-O
9.Qe2 Bg6 10.Ne5 Nbd7 11.Nxg6 hxg6 12.Na2 Be7 13.Rd1 Qc7 14.Nc3 Bb4 15.f4 Nb6
16.Bb3 Nbd5 17.Bd2 Be7 18.a5 c5 19.Rac1 Nxc3 20.Bxc3 b6 21.dxc5 Bxc5 22.Qf3 Qe7
23.axb6 Bxb6 24.g3 Qc5 25.Re1 Qe7 26.Kg2 Rfd8 27.e4 Qb7 28.Rcd1 Nd7 29.e5 Qxf3+
30.Kxf3 Nc5 31.Bc2 Rac8 32.g4 Nb7 33.f5 gxf5 34.gxf5 Rxd1 35.Rxd1 Rd8 36.Re1 Nc5
37.f6 g6 38.h4 Nb7 39.h5 gxh5 40.Rh1 Bd4 41.Bxd4 Rxd4 42.Rxh5 Nc5 43.Rg5+ Kh8
44.Rh5+ Kg8 45.Ke3 Rb4 46.Rh2 a5 47.Rd2 Rb8 48.Rd4 Kf8 49.Rc4 Nd7 50.Ke4 Kg8
51.Rc7 Nf8 52.b3 Ng6 53.Rc5 Ra8 54.Ke3 Kh7 55.Rc7 Rf8 56.Rc5 Ra8 57.Be4 Ra7
58.Rc1 a4 59.Rh1+ Kg8 60.Bxg6 fxg6 61.Ra1 a3 62.b4 Ra4 63.b5 Ra5 64.Kd4 Rxb5
65.Rxa3 Rd5+ 66.Ke4 Rd7 67.Ra8+ Kf7 68.Rh8 Rd1 69.Rh7+ Kg8 70.Re7 Re1+ 71.Kf4 Rf1+
72.Kg5 Rg1+ 73.Kh6 Kf8 74.Rxe6 Rh1+ 75.Kxg6 Rg1+ 76.Kf5 Rf1+ 77.Ke4 Re1+
78.Kd5 Rd1+ 79.Kc6 Rd2 80.Re7 Rd1 81.Ra7 Rc1+ 82.Kd6 Rd1+ 83.Ke6 Rd8 84.Kf5  1-0

[Event "Winter Open"]
[Site "Belgrade SCG"]
[Date "2006.01.28"]
[Round "8"]
[White "Nenezic,Z"]
[Black "Rajcevic,S"]
[Result "1/2-1/2"]
[WhiteElo "1892"]
[BlackElo "2146"]

1.d4 d5 2.c4 c6 3.Nf3 Nf6 4.Nc3 dxc4 5.a4 Bf5 6.e3 e6 7.Bxc4 Nbd7 8.O-O Bb4
9.h3 Qa5 10.Na2 Bd6 11.Bd2 Qc7 12.Nh4 O-O 13.Nxf5 exf5 14.b4 Nb6 15.Bd3 g6
16.Rc1 Qe7 17.Qb3 Ne4 18.Bxe4 fxe4 19.f3 Nd5 20.fxe4 Qxe4 21.Rf3 a6 22.a5 Rae8
23.Qc4 Re7 24.Nc3 Nxc3 25.Bxc3 Qd5 26.Qd3 Rfe8 27.Be1 Re4 28.Bd2 f5 29.Qc3 Qe6
30.Rcf1 Bb8 31.g3 h5 32.h4 Qd5 33.Qc5 Bd6 34.Qxd5+ cxd5 35.Rc1 R4e7 36.Kg2 Rc7
37.Rxc7 Bxc7 38.Rf1 Bd6 39.Rc1 Kf7 40.Kf3 Ke6 41.Be1 Kd7 42.Ke2 f4 43.gxf4 Bxf4
44.Bf2 Bd6 45.Be1 Re4 46.Rc2 Be7 47.Kd3 Bxh4 48.Bxh4 Rxh4 49.Rc5 Kd6 50.b5 Re4
51.bxa6 bxa6 52.Rc8 Re6 53.Rd8+ Kc6 54.Rc8+ Kd7 55.Rc5 Rd6 56.e4 dxe4+ 57.Kxe4 Re6+
58.Kf4 Rf6+ 59.Kg5 Rf5+ 60.Rxf5 gxf5 61.Kxf5 Kd6 62.Kg5 Kd5 63.Kxh5 Kxd4
64.Kg4  1/2-1/2

[Event "14th FAJR Open"]
[Site "Tehran IRI"]
[Date "2006.01.28"]
[Round "5"]
[White "Ghorbani,H"]
[Black "Khaghani,M"]
[Result "1-0"]
[WhiteElo "2157"]
[BlackElo "2296"]

1.d4 d5 2.c4 c6 3.Nf3 Nf6 4.Nc3 dxc4 5.a4 Bf5 6.e3 e6 7.Bxc4 Bb4 8.O-O O-O
9.Qe2 Ne4 10.Nxe4 Bxe4 11.Nd2 Bg6 12.Nb3 Nd7 13.e4 Qe7 14.f4 f6 15.Bd2 Bxd2
16.Nxd2 c5 17.d5 Bf7 18.dxe6 Bxe6 19.Bxe6+ Qxe6 20.Qc4 Rfe8 21.Rfe1 b6 22.a5 Rab8
23.axb6 axb6 24.Ra7 Nf8 25.b3 Red8 26.Nf3 Qxc4 27.bxc4 Ne6 28.e5 f5 29.g3 Kf8
30.Nh4 Nd4 31.Kf2 b5 32.cxb5 Rxb5 33.Ra2 c4 34.Rc1 Rc8 35.Nf3 Nb3 36.Rc3 Kf7
37.Rac2 Rbc5 38.Ke3 g6 39.Nd4 Na5 40.Ra2 R8c7 41.Rb2 Rc8 42.Nb5 Ke6 43.Nd6 Kd5
44.Nxc8 Rxc8 45.Rb5+ Rc5 46.Rxc5+ Kxc5 47.h3 Kb4 48.Rc1 Kb3 49.Kd4 Kb4 50.Kd5 Nb3
51.Rxc4+  1-0